UBT Library

Comparative world politics; (Record no. 173)

000 -LEADER
fixed length control field 02397cam a22002051 4500
005 - DATE AND TIME OF LATEST TRANSACTION
control field 20131031105633.0
008 - FIXED-LENGTH DATA ELEMENTS--GENERAL INFORMATION
fixed length control field 740927s1964 cau b 000 0 eng
041 0# - LANGUAGE CODE
Language code of text/sound track or separate title eng
080 ## - UNIVERSAL DECIMAL CLASSIFICATION NUMBER
Universal Decimal Classification number 327
245 10 - TITLE STATEMENT
Title Comparative world politics;
Statement of responsibility, etc Joel Larus editor.
260 ## -
-- Belmont, California L
-- Wadsworth Pub. Co.
-- [1964]
300 ## -
-- ix, 274 p.
-- 23 cm.
500 ## -
-- Preface : f. V-VI
504 ## - BIBLIOGRAPHY, ETC. NOTE
Bibliography, etc Bibliography: p. 271-272.
505 0# -
-- Rise and demise of the territorial state / John H. Herz -- The world outlook of the Chinese Empire / M. Frederick Nelson -- Some fundamentals of Hindu statecraft / A.L. Basham -- Muslim universalism / Costi K. Zurayk -- The nation-state system in modern Africa and Asia / Robert Montagne -- Gauging power in the Western state system / Stephen B. Jones -- Gauging power on the Hindu state / U.N. Ghoshal -- The Western concept of balance of power in historical perspective / Edward V. Gulick -- The mechanics of balance of power amoung Western states / Martin Wight -- The Hindu concept of balance of power : constituents of the Mandala / U.N. Ghoshal -- The Hindu concept of balance of power : theory of the Mandala / Benoy K. Snyder -- The nature of conflict / Quincy Wright -- The Chinese philosophy of war : the traditionalists' arguments / Kung-chuan Hsiao -- The Chinese philosophy of war : dissenter's hypothesis / Morton H. Fried -- The Islamic philosophy of war / Majid Khadduri -- The Soviet philosophy of war / Nikolai Talensky -- The methods and objectives of diplomacy / François de Callières -- The Chinese tradition of diplomacy / J.K. Fairbank & S.Y. Teng --The Islamic tradition of diplomacy / Muhammad Hamidullah -- Diplomacy in the missile age / Lord Vansittart -- An introduction to the history of international law / Baron S.A. Korff -- The place of law and tribunals in international relations / Lord McNair -- An introduction to the Islamic Law of Nations / Majid Khadduri -- International law in the missile age / Oliver J. Lissitzyn -- The pole of power and the pole of indifference / Arnold Wolfers -- Hindu and Western realism : Kanika's advice / The Mahābhārata -- Hindu and Western Realism : a study of contrasts / D. Mackenzie Brown.
650 #0 -
-- Shteti
650 #0 -
-- Qeveria krahasuese
650 #0 -
-- Marrëdhënie ndërkombëtare
942 ## - ADDED ENTRY ELEMENTS (KOHA)
Source of classification or shelving scheme
Item type Books
Holdings
Withdrawn status Lost status Source of classification or shelving scheme Damaged status Not for loan Collection code Permanent location Current location Shelving location Date acquired Total Checkouts Full call number Barcode Date last seen Price effective from Koha item type
          Koleksioni i përgjithshem UBT - Prishtine UBT - Prishtine Koleksioni i përgjithshem 10/28/2013   327 COM 001-000189 10/28/2013 10/28/2013 Books
UBT Library © 2015-2024. All rights reserved University Education for Business and Technology